Normal view
MARC view
- Business Administration
Entry Topical Term
001 - CONTROL NUMBER
- control field: 36831
003 - CONTROL NUMBER IDENTIFIER
- control field: OSt
005 - DATE AND TIME OF LATEST TRANSACTION
- control field: 20190209145604.0
008 - FIXED-LENGTH DATA ELEMENTS
- fixed length control field: 190209|| aca||aabn | a|a d
040 ## - CATALOGING SOURCE
- Original cataloging agency: OSt
- Transcribing agency: OSt
150 ## - HEADING--TOPICAL TERM
- Topical term or geographic name entry element: Business Administration
- Form subdivision: Marketing Management
- General subdivision: Undergraduate thesis.
670 ## - SOURCE DATA FOUND
- Source citation: Work cat.: (OSt): Cansancio, Pamela L. 36830, Hospital quality and patient satisfaction of different Hospitals in Digos City /, November 2018.
